| 000 | 00626nam a22002057a 4500 | ||
|---|---|---|---|
| 999 |
_c10114 _d10114 |
||
| 003 | AR-CdUCM | ||
| 008 | 190329b ||||| |||| 00| 0 spa d | ||
| 040 |
_aMUNICIPALIDAD PROVINCIAL DEL CUSCO _cBIBLIOTECA MUNICIPAL DEL CUSCO |
||
| 082 |
_23ed. _a869.55 / _bG62F / 1974 |
||
| 100 |
_aGómez, Livio _914653 |
||
| 245 | _aFraternidad y Contiendas / | ||
| 260 |
_aTacana : _bEdiciones Caplina, _c1974. |
||
| 300 |
_a45 páginas ; _bilustración, _c16 cm. |
||
| 505 | _aContenido: Poesía. | ||
| 650 |
_aLiteratura _983 |
||
| 650 |
_aSiglo XX _98 |
||
| 650 |
_aPoesías Peruanas _914867 |
||
| 942 |
_2ddc _cLIBROS |
||
| 945 | _aachl | ||